Real estate investment forecasts (Record no. 108907)

MARC details
000 -LEADER
fixed length control field 01242cad a22002175a 4500
001 - CONTROL NUMBER
control field L145766
008 - FIXED-LENGTH DATA ELEMENTS--GENERAL INFORMATION
fixed length control field 081106s2008 xxkad f s 000 0 eng d
035 ## - SYSTEM CONTROL NUMBER
System control number (Sirsi) u145766
041 ## - LANGUAGE CODE
Language code of text/sound track or separate title eng
050 04 - LIBRARY OF CONGRESS CALL NUMBER
Classification number 333.33 $2 18
110 2# - MAIN ENTRY--CORPORATE NAME
Corporate name or jurisdiction name as entry element Colliers CRE
9 (RLIN) 5075
245 00 - TITLE STATEMENT
Title Real estate investment forecasts
Remainder of title third quarter 2008
Medium [electronic resource]
260 ## - PUBLICATION, DISTRIBUTION, ETC.
Place of publication, distribution, etc. London
Name of publisher, distributor, etc. Colliers CRE
Date of publication, distribution, etc. 2008
490 #0 - SERIES STATEMENT
Series statement Real Estate Investment Forecasts
Volume/sequential designation Third Quarter 2008
520 ## - SUMMARY, ETC.
Summary, etc. Forecasts all property total returns of -10.9% in 2008, with capital values falling by 15.9%. In 2009, total returns are expected to recover to 3.8%, with further improvement in 2010 to 7.2%. Reports that the retail sector has suffered the greatest capital value decline to date and expect rents to fall further. Reports that industrial occupiers are delaying relocation decisions, investment transactions are muted and yields have risen above 8% in most non-prime locations. Land prices for development continue to fall.
590 ## - LOCAL NOTE (RLIN)
Local note KA
651 #4 - SUBJECT ADDED ENTRY--GEOGRAPHIC NAME
Geographic name United Kingdom
Chronological subdivision
690 ## - LOCAL SUBJECT ADDED ENTRY--TOPICAL TERM (OCLC, RLIN)
Topical term or geographic name as entry element PROPERTY-COMMERCIAL PROPERTY-COMMERCIAL PROPERTY MARKET
856 40 - ELECTRONIC LOCATION AND ACCESS
Uniform Resource Identifier <a href="www.collierscre.com/market_reports.aspx">www.collierscre.com/market_reports.aspx</a>
Public note View the report free of charge at www.colliers.com...
942 ## - ADDED ENTRY ELEMENTS (KOHA)
Suppress in OPAC 0
Holdings
Withdrawn status Lost status Source of classification or shelving scheme Damaged status Not for loan Home library Current library Shelving location Date acquired Total Checkouts Full call number Barcode Date last seen Copy number Price effective from Koha item type
    Dewey Decimal Classification     Virtual Virtual Online 06/11/2008   ONLINE PUBLICATION 145766-2001 06/08/2019 1 06/08/2019 Book